Statistics for Name an Asian Country A-Z

Click here to take the quiz!

General Stats

  • This quiz has been taken 48 times
  • The average score is 18 of 19

Answer Stats

Letter Country % Correct
AAfghanistan | Armenia | Azerbaijan
100%
QQatar
100%
IIndia | Indonesia | Iran | Iraq | Israel
100%
JJapan | Jordan
100%
OOman
100%
BBahrain | Bangladesh | Bhutan | Brunei
98%
TTaiwan | Tajikistan | Thailand | Turkey | Turkmenistan
98%
SSaudi Arabia | Singapore | South Korea | Sri Lanka | Syria
98%
MMalaysia | Maldives | Mongolia | Myanmar
98%
CCambodia | China | Cyprus
98%
LLaos | Lebanon
98%
YYemen
98%
NNepal | North Korea
95%
PPakistan | Philippines
95%
KKazakhstan | Kuwait | Kyrgyzstan
93%
EEast Timor
91%
UUnited Arab Emirates | Uzbekistan
91%
VVietnam
89%
GGeorgia
84%

Score Distribution

Percentile by Number Answered

Percent of People with Each Score

Your Score History

You have not taken this quiz